Central Library OPAC University of Rajshahi

Oceanic art : (Record no. 11763)

MARC details
000 -LEADER
fixed length control field 01140cam a2200313 a 4500
001 - CONTROL NUMBER
control field 11763
003 - CONTROL NUMBER IDENTIFIER
rucl marc code BD-RjUL
005 - DATE AND TIME OF LATEST TRANSACTION
control field 20211208235158.0
008 - FIXED-LENGTH DATA ELEMENTS--GENERAL INFORMATION
fixed length control field 140127s1968 enk b 000 0 eng d
035 ## - SYSTEM CONTROL NUMBER
System control number OCLC 16898 from aho144
-- (BD-RjUL)11812
040 ## - CATALOGING SOURCE
Original cataloging agency DLC
Transcribing agency DLC
Modifying agency m.c
-- BD-RjUL
Language of cataloging eng
041 1# - LANGUAGE CODE
Language code of text/sound track or separate title engfre
082 00 - DEWEY DECIMAL CLASSIFICATION NUMBER
Classification number 731.750995
Author mark and year GUO 1968
100 1# - MAIN ENTRY--PERSONAL NAME
Personal name Guiart, Jean.
9 (RLIN) 36428
245 10 - TITLE STATEMENT
Title Oceanic art :
Remainder of title masks and sculptures from New Guinea /
Statement of responsibility, etc. Jean Guiart.
260 ## - PUBLICATION, DISTRIBUTION, ETC. (IMPRINT)
Place of publication, distribution, etc. London :
Name of publisher, distributor, etc. Collins in association with Unesco,
Date of publication, distribution, etc. c1968.
300 ## - PHYSICAL DESCRIPTION
Pagination 30 p. :
Illustrations 32 plates, 32 col. illus., 2 maps. ;
Size 17 cm
500 ## - GENERAL NOTE
General note Translation of Fleuve Sepik, Nouvelle Guinée
504 ## - BIBLIOGRAPHY, ETC. NOTE
Bibliography, etc Bibliography: p. [27]
650 #0 - SUBJECT ADDED ENTRY--TOPICAL TERM
Topical term or geographic name as entry element Art
Geographic subdivision Sepik River Valley (Indonesia and Papua New Guinea).
9 (RLIN) 36429
Topical term or geographic name as entry element Art, Primitive
9 (RLIN) 20207
Topical term or geographic name as entry element Masks
Geographic subdivision Papua New Guinea.
9 (RLIN) 36430
651 #0 - SUBJECT ADDED ENTRY--GEOGRAPHIC NAME
Geographic name Sepik River Valley (Indonesia and Papua New Guinea)
General subdivision Material culture.
9 (RLIN) 36431
830 #0 - SERIES ADDED ENTRY--UNIFORM TITLE
Uniform title Fontana UNESCO art books
942 ## - ADDED ENTRY ELEMENTS (KOHA)
Source of classification or shelving scheme Dewey Decimal Classification
Koha item type Books
Holdings
Lost status Source of classification or shelving scheme Damaged status Not for loan Permanent Location Current Location Shelving location Date acquired Source of acquisition Cost, normal purchase price Total Checkouts Full call number Date last seen Copy number Koha item type
  Dewey Decimal Classification   Not For Loan Central Library, University of Rajshahi Central Library, University of Rajshahi Reading Room 12/06/1973 Book centre 3.85   731.750995 GUO 1968 27/01/2014 C-1 Books